[Event "48th Biel Master Open"]
[Site "Biel SUI"]
[Date "2015.07.29"]
[Round "9.6"]
[White "Brkic, Ante"]
[Black "Erdos, Viktor"]
[Result "1/2-1/2"]
[WhiteTitle "GM"]
[BlackTitle "GM"]
[WhiteElo "2607"]
[BlackElo "2610"]
[WhiteFideId "14506688"]
[BlackFideId "719978"]
[EventDate "2015.07.20"]

1. e4 e5 2. Nf3 Nc6 3. Bc4 Bc5 4. c3 Nf6 5. d3 O-O 6. O-O d6 7. h3 h6 8. Re1 a6
9. Bb3 Re8 10. Nbd2 Be6 11. Bc2 d5 12. exd5 Bxd5 13. b4 Ba7 14. a4 b5 15. Ne4
Nxe4 16. dxe4 Bc4 17. Be3 Bxe3 18. Rxe3 Qxd1+ 19. Rxd1 Red8 20. Ree1 Kf8 21. Nd2
Be6 22. Nb3 Rxd1 23. Rxd1 Bxb3 24. Bxb3 Rd8 25. Rd5 Rxd5 26. exd5 Nb8 27. c4
bxc4 28. Bxc4 Ke7 29. Kf1 Kd6 30. Ke2 c6 31. dxc6 Nxc6 32. Bxa6 Nxb4 33. Bc4 f5
34. Kd2 Nc6 35. Kc3 Kc5 36. Be6 Nd4 37. Bc8 g5 38. g4 fxg4 39. hxg4 e4 40. Kd2
Kb4 41. Ke3 Nc2+ 42. Kxe4 Kxa4 43. Kf5 Nb4 44. Bd7+ Ka5 45. Kf6 Nd3 46. f3 Kb6
47. Bf5 Nf4 48. Kg7 h5 49. gxh5 Nxh5+ 50. Kg6 Nf4+ 51. Kxg5 Ne2 52. f4 Nxf4 53.
Kxf4 1/2-1/2

[Event "48th Biel Master Open"]
[Site "Biel SUI"]
[Date "2015.07.29"]
[Round "9.8"]
[White "Bogner, Sebastian"]
[Black "Ivanisevic, Ivan"]
[Result "1/2-1/2"]
[WhiteTitle "GM"]
[BlackTitle "GM"]
[WhiteElo "2544"]
[BlackElo "2662"]
[WhiteFideId "4692055"]
[BlackFideId "912417"]
[EventDate "2015.07.20"]

1. d4 Nf6 2. c4 c5 3. d5 g6 4. Nc3 Bg7 5. e4 O-O 6. Bd3 e6 7. h3 exd5 8. exd5
Re8+ 9. Nge2 d6 10. O-O Nh5 11. Nf4 Nf6 12. Nfe2 Nbd7 13. Ng3 h5 14. Bg5 Qb6 15.
Qd2 Ne5 16. Be2 Nh7 17. Bh4 f5 18. f4 Nf7 19. Bd3 Bd7 20. Rfe1 a6 21. Nge2 Nf6
22. Kh1 Nh6 23. Qc2 Qa5 24. a4 Qb4 25. a5 b5 26. axb6 Qxb6 27. Ra2 Rab8 28. Ng1
Ne4 29. Nxe4 fxe4 30. Bxe4 Nf5 31. Bf2 h4 32. Bxf5 Bxf5 33. Rxe8+ Rxe8 34. Qa4
Re4 35. Nf3 Qb4 36. Qxa6 Bf8 37. Bxh4 Rxc4 38. Qa8 Rc1+ 39. Kh2 Rc2 40. Ra4 Qxb2
41. Ne1 Re2 42. Qd8 Bxh3 43. Ra8 Rxg2+ 44. Kxh3 Rh2+ 45. Kg3 Qf2+ 46. Kg4 Qe2+
47. Kg3 Qf2+ 48. Kg4 Qe2+ 1/2-1/2

[Event "48th Biel Master Open"]
[Site "Biel SUI"]
[Date "2015.07.29"]
[Round "9.9"]
[White "Bartel, Mateusz"]
[Black "Esen, Baris"]
[Result "1-0"]
[WhiteTitle "GM"]
[BlackTitle "GM"]
[WhiteElo "2631"]
[BlackElo "2567"]
[WhiteFideId "1112635"]
[BlackFideId "6302114"]
[EventDate "2015.07.20"]

1. d4 d5 2. c4 c6 3. Nc3 Nf6 4. cxd5 cxd5 5. Bf4 Nc6 6. e3 Bf5 7. Qb3 Na5 8.
Qa4+ Bd7 9. Qc2 e6 10. Bd3 Nc6 11. a3 Nh5 12. Bg3 Nxg3 13. hxg3 g6 14. f4 Bg7
15. Nf3 Qe7 16. Kf2 h5 17. Na4 b6 18. Nc3 O-O 19. Qe2 f5 20. Rac1 Na5 21. b4 Nb7
22. Ne5 Bxe5 23. dxe5 a5 24. Qb2 Rfc8 25. g4 axb4 26. axb4 fxg4 27. Bxg6 h4 28.
g3 h3 29. Qe2 d4 30. Qxg4 Rxc3 31. Rxc3 dxc3 32. Bh7+ Kh8 33. Qxh3 Qg7 34. Bf5+
Kg8 35. Bxe6+ Bxe6 36. Qxe6+ Kf8 37. Rh5 Nd8 38. Rf5+ Nf7 39. Qd5 Qh7 40. Qxa8+
Kg7 41. Rxf7+ Kxf7 42. Qb7+ 1-0

[Event "48th Biel Master Open"]
[Site "Biel SUI"]
[Date "2015.07.29"]
[Round "9.10"]
[White "Donchenko, Alexander"]
[Black "Yilmaz, Mustafa"]
[Result "1-0"]
[WhiteTitle "GM"]
[BlackTitle "GM"]
[WhiteElo "2567"]
[BlackElo "2582"]
[WhiteFideId "24603295"]
[BlackFideId "6302718"]
[EventDate "2015.07.20"]

1. d4 d5 2. c4 c6 3. Nf3 Nf6 4. Qb3 dxc4 5. Qxc4 Bg4 6. Nc3 Nbd7 7. e4 e5 8.
dxe5 Bxf3 9. gxf3 Nxe5 10. Qe2 Ng6 11. f4 Bb4 12. f5 Qa5 13. Bd2 O-O-O 14. fxg6
Nxe4 15. Bh3+ f5 16. Nxe4 Bxd2+ 17. Kf1 hxg6 18. Kg2 Qe5 19. Ng3 Qd5+ 20. Qe4
Qb5 21. Qe6+ Kb8 22. Rad1 Qb4 23. Qxg6 f4 24. Ne4 f3+ 25. Kg3 Qxb2 26. Rxd2 Qe5+
27. Kxf3 Rxd2 28. Nxd2 Rxh3+ 29. Kg2 Ra3 30. Nf3 Qc3 31. Qe8+ Kc7 32. Qf7+ Kd6
33. Qf4+ 1-0

[Event "48th Biel Master Open"]
[Site "Biel SUI"]
[Date "2015.07.29"]
[Round "9.11"]
[White "Wirig, Anthony"]
[Black "Wagner, Dennis"]
[Result "0-1"]
[WhiteTitle "GM"]
[BlackTitle "GM"]
[WhiteElo "2511"]
[BlackElo "2569"]
[WhiteFideId "615013"]
[BlackFideId "24650684"]
[EventDate "2015.07.20"]

1. e4 e5 2. Nf3 Nc6 3. Bb5 a6 4. Bxc6 dxc6 5. O-O Be6 6. d3 f6 7. Nbd2 Ne7 8.
Nb3 Ng6 9. Be3 Bd6 10. d4 Qe7 11. dxe5 fxe5 12. Ng5 Bd7 13. c4 c5 14. Qd5 Bc6
15. Qe6 b6 16. Nd2 Nf8 17. Qg4 h6 18. Ngf3 Bd7 19. Qg3 g5 20. h4 g4 21. Nh2
O-O-O 22. b4 cxb4 23. a3 Ng6 24. c5 bxc5 25. axb4 cxb4 26. Nc4 Qxh4 27. Nxd6+
cxd6 28. Rxa6 Bb5 29. Rc1+ Kd7 30. Ra7+ Ke6 31. Qxg4+ Qxg4 32. Nxg4 Bd3 33. Nxh6
Rd7 34. Rcc7 Rxc7 35. Rxc7 Rb8 36. f3 b3 37. Nf5 Nf4 38. Bf2 Ne2+ 39. Kh2 Rh8+
40. Bh4 Rxh4+ 41. Nxh4 b2 42. Rb7 b1=Q 43. Rxb1 Bxb1 44. g3 Nc3 45. Ng2 Nxe4 46.
fxe4 Bxe4 47. Ne3 d5 48. Kg1 d4 49. Nc4 Bd3 50. Na5 Bf5 51. Kf1 Kd5 52. Nb3 e4
53. Ke2 e3 54. Kf3 Bg4+ 0-1

[Event "48th Biel Master Open"]
[Site "Biel SUI"]
[Date "2015.07.29"]
[Round "9.12"]
[White "Heimann, Andreas"]
[Black "Ulybin, Mikhail"]
[Result "1-0"]
[WhiteTitle "IM"]
[BlackTitle "GM"]
[WhiteElo "2557"]
[BlackElo "2520"]
[WhiteFideId "24624632"]
[BlackFideId "4101405"]
[EventDate "2015.07.20"]

1. Nf3 d5 2. d4 c5 3. c4 cxd4 4. cxd5 Nf6 5. Qxd4 Qxd5 6. Nc3 Qxd4 7. Nxd4 Bd7
8. Ndb5 Kd8 9. Be3 Nc6 10. h3 a6 11. Bb6+ Kc8 12. Nc7 Rb8 13. e4 e6 14. Nxa6
bxa6 15. Bxa6+ Rb7 16. Be3 Bb4 17. f3 Kc7 18. Bxb7 Kxb7 19. Ke2 Bxc3 20. bxc3
Ra8 21. Rhb1+ Kc8 22. a4 e5 23. Bb6 Be6 24. a5 Nd7 25. Kf2 Ra6 26. g4 Kb7 27. h4
Kc8 28. g5 g6 29. Kg3 Kb7 30. h5 gxh5 31. Kh4 Bc4 32. Kxh5 Be2 33. Kg4 Bc4 34.
Rb2 Be6+ 35. Kh5 Kc8 36. Kh6 Ne7 37. Kxh7 Ng6 38. Kg7 Kb7 39. Rd1 Ra8 40. Rd6
Re8 41. Rbd2 Ngf8 42. c4 Kc8 43. a6 Bxc4 44. Rc6+ Kb8 45. Bc7+ Ka7 46. Rxc4 Re7
47. Bd6 1-0

[Event "48th Biel Master Open"]
[Site "Biel SUI"]
[Date "2015.07.29"]
[Round "9.13"]
[White "Can, Emre"]
[Black "Studer, Noel"]
[Result "1-0"]
[WhiteTitle "GM"]
[BlackTitle "IM"]
[WhiteElo "2547"]
[BlackElo "2416"]
[WhiteFideId "6302181"]
[BlackFideId "1319620"]
[EventDate "2015.07.20"]

1. c4 Nf6 2. Nf3 e6 3. g3 d5 4. Bg2 Be7 5. O-O O-O 6. d4 c6 7. Qc2 Nbd7 8. Nbd2
b6 9. e4 Bb7 10. e5 Ne8 11. cxd5 cxd5 12. Re1 b5 13. Nf1 a5 14. h4 Rc8 15. Qd3
Ba6 16. Ng5 g6 17. Nh2 Ng7 18. Ngf3 f5 19. exf6 Nxf6 20. Ng5 Qb6 21. Bh3 Rc6 22.
Ng4 Nxg4 23. Bxg4 b4 24. Qd1 Nf5 25. Nf3 Rc4 26. Bxf5 Rxf5 27. Be3 b3 28. axb3
Rb4 29. Bd2 Rxb3 30. Bxa5 Qb8 31. Bc3 Rb6 32. Ne5 Bb5 33. Ra5 Bd8 34. Qa1 Qd6
35. Ra8 Rf8 36. Ba5 Rb7 37. Bxd8 Rxd8 38. Qa3 Kg7 39. Ra7 Qb6 40. Rxb7+ Qxb7 41.
Rc1 Bc4 42. Ra1 Re8 43. Qd6 1-0

[Event "48th Biel Master Open"]
[Site "Biel SUI"]
[Date "2015.07.29"]
[Round "9.14"]
[White "Cebalo, Miso"]
[Black "Svane, Rasmus"]
[Result "0-1"]
[WhiteTitle "GM"]
[BlackTitle "IM"]
[WhiteElo "2397"]
[BlackElo "2531"]
[WhiteFideId "14500094"]
[BlackFideId "4657101"]
[EventDate "2015.07.20"]

1. d4 d5 2. c4 c6 3. Nf3 Nf6 4. Nc3 dxc4 5. a4 Bf5 6. Ne5 Nbd7 7. Nxc4 Qc7 8. g3
e5 9. dxe5 Nxe5 10. Bf4 Nfd7 11. Bg2 f6 12. O-O g5 13. Bxe5 Nxe5 14. Nxe5 Qxe5
15. Rc1 Rd8 16. Qb3 Rd7 17. Rfd1 Qe6 18. Qxe6+ Bxe6 19. Ne4 Be7 20. Rxd7 Kxd7
21. Nc5+ Bxc5 22. Rxc5 Rd8 23. f4 gxf4 24. gxf4 Ke7 25. Rh5 Bg8 26. Be4 Rd4 27.
Bxh7 Bf7 28. Rh3 Rxa4 29. Re3+ Kf8 30. Re4 Ra2 31. b4 Bd5 32. Re3 Rb2 33. Be4
Bf7 34. f5 Rxb4 35. Bc2 a5 36. Ra3 Rc4 37. Bd3 Rg4+ 38. Kf2 a4 39. Rc3 Bd5 40.
e4 Bxe4 0-1

[Event "48th Biel Master Open"]
[Site "Biel SUI"]
[Date "2015.07.29"]
[Round "9.15"]
[White "Rambaldi, Francesco"]
[Black "Griffith, Kyron W"]
[Result "1/2-1/2"]
[WhiteTitle "IM"]
[BlackTitle "FM"]
[WhiteElo "2513"]
[BlackElo "2320"]
[WhiteFideId "20657307"]
[BlackFideId "2046318"]
[EventDate "2015.07.20"]

1. b3 e5 2. Bb2 Nc6 3. e3 Nf6 4. Bb5 Bd6 5. Na3 Na5 6. Be2 Be7 7. d4 exd4 8.
exd4 d5 9. Nf3 O-O 10. O-O c5 11. dxc5 Bxc5 12. Nb5 Be6 13. Nbd4 Nc6 14. Nxe6
fxe6 15. c4 Ne4 16. Bd3 Nb4 17. Bb1 Ng5 18. a3 Nxf3+ 19. gxf3 Qh4 20. Be5 Nc6
21. Bg3 Qh5 22. b4 Bd4 23. Ra2 dxc4 24. Qe2 Ne5 25. f4 Qxe2 26. Rxe2 Nd3 27.
Rxe6 Rae8 28. Rxe8 Rxe8 29. b5 Re2 30. Rd1 Re1+ 31. Rxe1 Nxe1 32. Ba2 Nf3+ 33.
Kf1 Nd2+ 34. Ke2 Nb3 35. Kd1 Kf7 36. Bb1 h6 37. Be4 Na5 38. f5 Kf6 39. Kc2 Be5
40. Bh4+ Kf7 41. Bd5+ Ke8 42. Bg3 Bd4 43. Bc7 b6 44. f3 Kd7 45. Bb8 Kc8 46. Bf4
Kd7 47. Be6+ Ke7 48. Bb8 g6 49. Bf4 h5 50. Bg5+ Bf6 51. Bd2 gxf5 52. Bxf5 Nb3
53. Bb4+ Kf7 54. Be4 Nd4+ 55. Kd2 Be5 56. h3 Nxb5 57. Bd5+ Kf6 58. Bxc4 Nd4 59.
Bd5 a5 60. Bf8 b5 61. Kd3 Ne6 62. Bh6 1/2-1/2

[Event "48th Biel Master Open"]
[Site "Biel SUI"]
[Date "2015.07.29"]
[Round "9.16"]
[White "Romanishin, Oleg M"]
[Black "Haimovich, Tal"]
[Result "1-0"]
[WhiteTitle "GM"]
[BlackTitle "IM"]
[WhiteElo "2475"]
[BlackElo "2361"]
[WhiteFideId "14100088"]
[BlackFideId "2801698"]
[EventDate "2015.07.20"]

1. d4 d5 2. Nf3 Nf6 3. c4 c6 4. Nc3 e6 5. g3 Nbd7 6. Bg2 dxc4 7. O-O Be7 8. e4
O-O 9. Bf4 a5 10. Re1 Ra6 11. a4 Re8 12. Bf1 Rb6 13. Qc2 Rb4 14. Na2 b5 15. Nxb4
Bxb4 16. Bd2 Nb6 17. Bxb4 axb4 18. a5 b3 19. Qd2 Nbd7 20. a6 Qc7 21. d5 Nc5 22.
d6 Qb6 23. a7 Ba6 24. e5 Nfd7 25. Nd4 Bb7 26. Qa5 Ba8 27. Bg2 Rc8 28. Red1 Na4
29. Qxb6 Naxb6 30. Ra6 g5 31. f4 b4 32. Rc1 Kg7 33. fxg5 c5 34. Nb5 Bxg2 35.
Kxg2 Na8 36. Rxc4 Nxe5 37. Re4 Nd7 38. Nc7 Ndb6 39. Nxa8 Nxa8 40. Rc4 1-0

[Event "48th Biel Master Open"]
[Site "Biel SUI"]
[Date "2015.07.29"]
[Round "9.17"]
[White "Lampert, Jonas"]
[Black "Hasenohr, Benedict"]
[Result "1-0"]
[WhiteTitle "IM"]
[BlackTitle "FM"]
[WhiteElo "2448"]
[BlackElo "2317"]
[WhiteFideId "1303759"]
[BlackFideId "1303309"]
[EventDate "2015.07.20"]

1. d4 e6 2. c4 Bb4+ 3. Bd2 Bxd2+ 4. Qxd2 c5 5. Nf3 cxd4 6. Nxd4 Nf6 7. Nc3 d5 8.
cxd5 Nxd5 9. g3 Nb4 10. Ndb5 O-O 11. Rd1 Qb6 12. Bg2 Nxa2 13. Nd6 Nxc3 14. bxc3
Na6 15. O-O Nc5 16. Rb1 Qc7 17. Rfd1 a6 18. Rb4 Rb8 19. e4 a5 20. Rbb1 e5 21.
Qd5 Be6 22. Qxe5 a4 23. Qd4 Rfd8 24. e5 Bb3 25. Re1 a3 26. Bd5 Ne6 27. Qd2 Bxd5
28. Qxd5 Qxc3 29. Re3 Qc2 30. Ra1 Ra8 31. Qxb7 Ng5 32. Kg2 a2 33. h4 Rdb8 34.
Qd5 Ne6 35. Nxf7 Kxf7 36. Qd7+ Kg8 37. Qxe6+ Kh8 38. Qd5 Rf8 39. Rf3 Rfd8 40.
Ra3 Qc8 41. R3xa2 Rb8 42. Qe4 Re8 43. Re2 h6 44. Rb1 Ra8 45. Rd1 Ra6 46. Qd5 Qg4
47. Rde1 Rae6 48. Qe4 Qh5 49. f4 Rg6 50. Kh2 Rg4 51. Ra1 Rg8 52. Ra8 g5 53.
Rxg8+ Kxg8 54. Qd5+ Kh8 55. Qd8+ Kh7 56. Qe7+ Kh8 57. Qf8+ Kh7 58. Qf5+ 1-0

[Event "48th Biel Master Open"]
[Site "Biel SUI"]
[Date "2015.07.29"]
[Round "9.18"]
[White "Watson, John L"]
[Black "Cherniaev, Alexander"]
[Result "0-1"]
[WhiteTitle "IM"]
[BlackTitle "GM"]
[WhiteElo "2323"]
[BlackElo "2483"]
[WhiteFideId "2000768"]
[BlackFideId "4117301"]
[EventDate "2015.07.20"]

1. d4 f5 2. Nc3 Nf6 3. Bf4 e6 4. e3 Be7 5. Bd3 O-O 6. h3 b6 7. Nge2 Bb7 8. f3 c5
9. Qd2 Nh5 10. O-O-O Nxf4 11. Nxf4 Qc8 12. Qf2 c4 13. Bf1 a6 14. Rg1 b5 15. g4
b4 16. Nb1 Bd6 17. Qg3 Bxf4 18. Qxf4 fxg4 19. Qxg4 Rf7 20. e4 Nc6 21. c3 a5 22.
Rd2 d5 23. h4 Qd7 24. Bh3 Re8 25. Re1 Na7 26. a3 Nb5 27. cxb4 axb4 28. axb4 Qd6
29. exd5 Bxd5 30. Nc3 Nxc3 31. bxc3 Rxf3 32. Kb2 Rg3 33. Qh5 g6 34. Qh6 Rxh3 35.
Rg1 Rg3 36. Rf1 Rf8 37. Rdf2 Rxf2+ 38. Rxf2 Rf3 39. Rg2 Rf6 40. Rg4 Qh2+ 0-1

[Event "48th Biel Master Open"]
[Site "Biel SUI"]
[Date "2015.07.29"]
[Round "9.19"]
[White "Kaufmann, Werner"]
[Black "Meins, Gerlef"]
[Result "1/2-1/2"]
[WhiteTitle "FM"]
[BlackTitle "IM"]
[WhiteElo "2208"]
[BlackElo "2436"]
[WhiteFideId "1302248"]
[BlackFideId "4620895"]
[EventDate "2015.07.20"]

1. e4 c5 2. Nf3 Nc6 3. d4 cxd4 4. Nxd4 Nf6 5. Nc3 d6 6. Bc4 e6 7. Be3 Be7 8. Qe2
a6 9. O-O-O Qc7 10. Rhg1 O-O 11. g4 Nxe4 12. Nxe4 d5 13. Bd3 dxe4 14. Bxe4 Bd7
15. Kb1 Rfd8 16. g5 Nxd4 17. Bxd4 Bc6 18. Bxh7+ Kxh7 19. Qh5+ Kg8 20. Rd3 Rxd4
21. Rh3 f5 22. g6 Rh4 23. Rxh4 Bxh4 24. Qh7+ Kf8 25. Qh8+ Ke7 26. Qxg7+ Kd6 27.
Qd4+ Bd5 28. Qxh4 Qc4 29. Qg3+ f4 30. Qa3+ Qc5 31. Qa4 Qxf2 32. Rd1 Kc7 33. c4
Be4+ 34. Ka1 Rc8 35. Qa5+ Kb8 36. Qe5+ Ka7 37. Qxe4 Rh8 38. a3 Rxh2 39. Qe5 Rg2
40. g7 Rg1 41. Rxg1 Qxg1+ 42. Ka2 f3 43. Qxe6 Qxg7 44. Qe3+ Ka8 45. Qxf3 Qg6 1/2-1/2

[Event "48th Biel Master Open"]
[Site "Biel SUI"]
[Date "2015.07.29"]
[Round "9.20"]
[White "Kiewra, Keaton F"]
[Black "Donchenko, Anatoly"]
[Result "1/2-1/2"]
[WhiteTitle "IM"]
[BlackTitle "IM"]
[WhiteElo "2421"]
[BlackElo "2326"]
[WhiteFideId "2019280"]
[BlackFideId "4106091"]
[EventDate "2015.07.20"]

1. e4 c5 2. Nf3 d6 3. d4 cxd4 4. Nxd4 Nf6 5. Nc3 a6 6. Bg5 Nbd7 7. f4 Qc7 8. Qe2
e5 9. Nf5 h6 10. Bxf6 Nxf6 11. fxe5 dxe5 12. O-O-O Bb4 13. Nd5 Nxd5 14. Rxd5 g6
15. Ne3 Be7 16. Rd3 Bg5 17. h4 Bxe3+ 18. Qxe3 Be6 19. Rc3 Qa5 20. Bc4 Bxc4 21.
Rxc4 O-O 22. a3 Rac8 23. Rb4 Qc7 24. c3 Kg7 25. h5 g5 26. Qb6 Qxb6 27. Rxb6 Rc4
28. Re1 f5 29. Rxb7+ Rf7 30. Rxf7+ Kxf7 31. exf5 Kf6 32. Kc2 Kxf5 33. b4 Rh4 34.
a4 Rxh5 35. b5 axb5 36. axb5 Ke6 37. Kb3 Rh2 38. Re2 h5 39. Rd2 Rh1 40. Kc4 Rb1
41. Kc5 e4 42. b6 Ke5 43. Rd8 e3 44. c4 h4 45. Kc6 Kf4 46. b7 g4 47. c5 h3 48.
gxh3 gxh3 49. Ra8 Rb2 50. Kc7 e2 51. Ra1 Kf3 52. c6 h2 53. b8=Q Rxb8 54. Kxb8
Kg2 55. c7 1/2-1/2

[Event "48th Biel Master Open"]
[Site "Biel SUI"]
[Date "2015.07.30"]
[Round "10.1"]
[White "Sutovsky, Emil"]
[Black "Solak, Dragan"]
[Result "1/2-1/2"]
[WhiteTitle "GM"]
[BlackTitle "GM"]
[WhiteElo "2619"]
[BlackElo "2622"]
[WhiteFideId "2802007"]
[BlackFideId "916811"]
[EventDate "2015.07.20"]

1. e4 c6 2. d4 d5 3. Nc3 dxe4 4. Nxe4 Bf5 5. Ng3 Bg6 6. h4 h6 7. Nf3 Nd7 8. h5
Bh7 9. Bd3 Bxd3 10. Qxd3 e6 11. Bd2 Ngf6 12. O-O-O Be7 13. Ne4 O-O 14. Kb1 c5
15. Nxf6+ Nxf6 16. g4 Nxg4 17. Qe2 Qb6 18. Rhg1 f5 19. Ne5 cxd4 20. Nxg4 fxg4
21. Bxh6 gxh6 22. Qxg4+ Bg5 23. f4 d3 24. cxd3 Rf5 25. Qg3 Kh7 26. fxg5 1/2-1/2

[Event "48th Biel Master Open"]
[Site "Biel SUI"]
[Date "2015.07.30"]
[Round "10.2"]
[White "Fridman, Daniel"]
[Black "Bok, Benjamin"]
[Result "1/2-1/2"]
[WhiteTitle "GM"]
[BlackTitle "GM"]
[WhiteElo "2639"]
[BlackElo "2562"]
[WhiteFideId "11600454"]
[BlackFideId "1017063"]
[EventDate "2015.07.20"]

1. d4 Nf6 2. Nf3 g6 3. g3 c5 4. c4 cxd4 5. Nxd4 Bg7 6. Bg2 O-O 7. Nc3 Qc7 8. Qd3
Nc6 9. O-O d6 10. b3 Nxd4 11. Qxd4 Ne4 12. Qxe4 Bxc3 13. Bh6 Bxa1 14. Bxf8 Bf6
15. Bh6 Rb8 16. Qe3 b6 17. Bd5 Bh3 18. Rd1 Qc8 19. Bg5 Qf5 20. Bxf6 Qxf6 21. Rd4
h5 22. Qd2 Kg7 23. Qd1 Rf8 24. e3 Kg8 25. Qc1 Be6 26. h4 Rc8 27. Qd2 Bxd5 28.
Rxd5 Qf3 29. Qd3 1/2-1/2

[Event "48th Biel Master Open"]
[Site "Biel SUI"]
[Date "2015.07.30"]
[Round "10.4"]
[White "Donchenko, Alexander"]
[Black "Gharamian, Tigran"]
[Result "1/2-1/2"]
[WhiteTitle "GM"]
[BlackTitle "GM"]
[WhiteElo "2567"]
[BlackElo "2649"]
[WhiteFideId "24603295"]
[BlackFideId "13301527"]
[EventDate "2015.07.20"]

1. Nf3 d5 2. d4 Nf6 3. c4 e6 4. g3 dxc4 5. Bg2 a6 6. O-O Nc6 7. e3 Rb8 8. Nfd2
e5 9. Bxc6+ bxc6 10. dxe5 Ng4 11. Nxc4 Qxd1 12. Rxd1 Be6 13. b3 Bxc4 14. bxc4
Nxe5 15. Nd2 Rb4 16. Ba3 Ra4 17. Bb2 Nxc4 18. Nxc4 Rxc4 19. Be5 f6 20. Bxc7 Be7
21. Rab1 Kf7 22. Bd6 Re8 23. Rb6 Ra4 24. Rd2 Bxd6 25. Rxd6 Rxa2 26. Rdxc6 a5 27.
Ra6 Ra1+ 28. Kg2 Ra2 29. Kf3 h5 30. Rc5 Re5 31. Rxe5 fxe5 32. h4 Ra4 1/2-1/2

[Event "48th Biel Master Open"]
[Site "Biel SUI"]
[Date "2015.07.30"]
[Round "10.5"]
[White "Fier, Alexandr"]
[Black "Bartel, Mateusz"]
[Result "0-1"]
[WhiteTitle "GM"]
[BlackTitle "GM"]
[WhiteElo "2628"]
[BlackElo "2631"]
[WhiteFideId "2107139"]
[BlackFideId "1112635"]
[EventDate "2015.07.20"]

1. d4 d5 2. c4 c6 3. Nc3 dxc4 4. e3 b5 5. a4 b4 6. Ne4 Qd5 7. Ng3 Nf6 8. Be2 g6
9. e4 Nxe4 10. Bf3 f5 11. Qe2 Bg7 12. Nxe4 fxe4 13. Bxe4 Qd6 14. Nf3 Ba6 15. O-O
c3 16. Bd3 Bxd3 17. Qxd3 cxb2 18. Bxb2 Nd7 19. Rfe1 Qd5 20. Qa6 O-O 21. Rxe7
Rxf3 22. Qb7 Raf8 23. Rxd7 R3f7 24. Rxf7 Qxf7 25. Qxf7+ Kxf7 26. Rc1 Rc8 27. Rc5
Bf8 28. Ra5 Ke6 29. Kf1 c5 30. dxc5 Bxc5 31. Ke2 Bb6 32. Re5+ Kd6 33. Kd3 Bxf2
34. Rb5 Be1 35. Bd4 a6 36. Rb7 Bc3 37. Rxh7 Kd5 38. Bb6 Be5 39. Rd7+ Ke6 40. Rd8
Rc3+ 41. Kd2 b3 42. Re8+ Kd6 43. Rd8+ Ke7 44. Rd5 Rc2+ 45. Kd1 Bf4 46. Be3 Rxg2
47. Rd3 b2 48. Bc5+ Ke6 49. Rb3 Rd2+ 50. Ke1 Rc2 0-1

[Event "48th Biel Master Open"]
[Site "Biel SUI"]
[Date "2015.07.30"]
[Round "10.6"]
[White "Nezad, Husein Aziz"]
[Black "Adhiban, Baskaran"]
[Result "0-1"]
[WhiteTitle "IM"]
[BlackTitle "GM"]
[WhiteElo "2405"]
[BlackElo "2627"]
[WhiteFideId "12100293"]
[BlackFideId "5018471"]
[EventDate "2015.07.20"]

1. d4 Nf6 2. c4 e6 3. Nf3 c5 4. d5 exd5 5. cxd5 d6 6. Nc3 g6 7. Bf4 Bg7 8. Qa4+
Bd7 9. Qb3 b5 10. Bxd6 Qb6 11. Be5 O-O 12. e3 c4 13. Qd1 b4 14. Nb1 Rc8 15. Nbd2
Bb5 16. Rc1 c3 17. bxc3 Bxf1 18. Nxf1 Nbd7 19. Bd4 Qa6 20. cxb4 Rxc1 21. Qxc1
Rc8 22. Qb1 Nxd5 23. Bxg7 Kxg7 24. Qb2+ N7f6 25. b5 Qa4 26. Nd4 Nb4 27. Qb3 Qa5
28. Ke2 Nxa2 29. Kf3 Rc3 30. Qb2 Qd8 31. Ke2 Nc1+ 32. Kd1 Ne4 33. Ng3 Nd3 34.
Qa1 Ndxf2+ 35. Ke2 Qg5 36. Rd1 Nxg3+ 37. hxg3 Qxe3+ 38. Kf1 Nxd1 0-1

[Event "48th Biel Master Open"]
[Site "Biel SUI"]
[Date "2015.07.30"]
[Round "10.7"]
[White "Wagner, Dennis"]
[Black "Dragun, Kamil"]
[Result "1-0"]
[WhiteTitle "GM"]
[BlackTitle "GM"]
[WhiteElo "2569"]
[BlackElo "2586"]
[WhiteFideId "24650684"]
[BlackFideId "1134167"]
[EventDate "2015.07.20"]

1. d4 Nf6 2. c4 e6 3. Nf3 b6 4. a3 Bb7 5. Nc3 d5 6. cxd5 Nxd5 7. e3 Be7 8. Bb5+
c6 9. Bd3 Nxc3 10. bxc3 O-O 11. Qc2 h6 12. O-O c5 13. e4 Nc6 14. Bb2 Rc8 15. Qe2
Na5 16. Rad1 Qc7 17. Ne5 Rfd8 18. f4 Bd6 19. Qg4 Qe7 20. Rf3 cxd4 21. cxd4 Bxe5
22. fxe5 Nc4 23. Bxc4 Rxc4 24. Rg3 Qf8 25. h4 Rdc8 26. Rdd3 Kh7 27. Bc3 a5 28.
Kh2 Rd8 29. Rd2 Ra4 30. Bb2 Rc4 31. Rb3 Rc6 32. a4 Qg8 33. Qe2 Kh8 34. h5 Qe8
35. Rg3 Rcc8 36. Qg4 Qg8 37. d5 Qh7 38. Rf2 Rc7 39. dxe6 fxe6 40. Qxe6 Qxe4 41.
Qxb6 Qh4+ 42. Rh3 Qe7 43. e6 Rdc8 44. Qe3 Rc2 45. Qxh6+ Kg8 46. Bxg7 Qxg7 47.
Rg3 Qxg3+ 48. Kxg3 R8c3+ 49. Rf3 1-0

[Event "48th Biel Master Open"]
[Site "Biel SUI"]
[Date "2015.07.30"]
[Round "10.8"]
[White "Ivanisevic, Ivan"]
[Black "Zoler, Dan"]
[Result "1-0"]
[WhiteTitle "GM"]
[BlackTitle "GM"]
[WhiteElo "2662"]
[BlackElo "2498"]
[WhiteFideId "912417"]
[BlackFideId "2800705"]
[EventDate "2015.07.20"]

1. d4 d5 2. c4 c6 3. Nf3 Nf6 4. g3 e6 5. Bg2 Be7 6. O-O O-O 7. Nc3 Nbd7 8. b3 b6
9. Qd3 Ba6 10. Rd1 Rc8 11. a4 Bb4 12. Bb2 Qe7 13. e3 Rfd8 14. Bf1 Bb7 15. Nh4 c5
16. cxd5 Bxc3 17. Qxc3 Nxd5 18. Qe1 cxd4 19. Rxd4 Nc5 20. Bc4 Nf6 21. Rad1 Rxd4
22. Rxd4 a5 23. Qd1 h6 24. Rd6 Nxa4 25. Ng6 Qc7 26. Bxf6 gxf6 27. Rd7 Qc5 28.
Ne7+ Kg7 29. Qg4+ Qg5 30. Qxg5+ hxg5 31. Nxc8 Bxc8 32. Rc7 1-0

[Event "48th Biel Master Open"]
[Site "Biel SUI"]
[Date "2015.07.30"]
[Round "10.9"]
[White "Brkic, Ante"]
[Black "Bogner, Sebastian"]
[Result "0-1"]
[WhiteTitle "GM"]
[BlackTitle "GM"]
[WhiteElo "2607"]
[BlackElo "2544"]
[WhiteFideId "14506688"]
[BlackFideId "4692055"]
[EventDate "2015.07.20"]

1. e4 e5 2. Nf3 Nf6 3. Nc3 Nc6 4. Bb5 Nd4 5. Ba4 Nxf3+ 6. gxf3 c6 7. d4 d6 8.
Bb3 Be6 9. Be3 Be7 10. Rg1 O-O 11. Qd2 Kh8 12. O-O-O b5 13. d5 cxd5 14. Nxd5
Nxd5 15. Bxd5 Rc8 16. f4 Qc7 17. Qe2 exf4 18. Rxg7 f3 19. Bd4 f6 20. Qd2 Bxd5
21. Rdg1 Rg8 22. R7g4 Rxg4 23. Rxg4 Rg8 24. Rxg8+ Bxg8 25. Qg5 Qd8 26. Qxb5 Be6
27. Bxa7 Qa8 28. Bd4 Kg8 29. a4 Qxe4 30. Be3 Kg7 31. a5 Bc4 32. Qb6 f5 33. b3
Bd5 34. a6 Kf7 35. a7 Bb7 36. Kb2 Qc6 37. Qxc6 Bxc6 38. Kc3 Ke6 39. b4 Kd5 40.
b5 Bb7 41. Kb4 Bd8 42. c4+ Ke4 43. c5 f4 44. Bc1 dxc5+ 45. Kxc5 Ba5 46. Bb2 Ba8
47. Bf6 Be1 48. Bh4 Bc3 49. Kd6 Be5+ 50. Kd7 Kd5 51. b6 Kc5 52. Bd8 Kb5 53. Kc8
Ka6 54. Bc7 Bd4 55. Kb8 Be4 0-1